000 00792cam a22002054a 4500
005 20250605163926.0
008 250528s ||||||||||||||||||||||||d
035 _a14549
020 _a716716062
040 _aGR-AtMCL
_bgre
_dGR-AtMCL
_eAACR2
245 1 _aThe Social Animal / Fourth Edition
250 _a4th
260 _bW. H. Freeman And Company,
_c1984
300 _a444
520 _aWhy I Wrote This Book, What is Social Psychology, Conformity, Mass Communication and Propaganda and Persuasion, Self-Justification, Human Aggression, Prejudice, Attraction: Why People Like Each Other, Interpersonal Communication and Sensitivity, Social Psychology as a Science, Notes, Name and Subject Index.
700 1 _aAronson Elliot
_9257
942 _cBK
999 _c174
_d174